Les grands genres littéraires - Statistiques

Statistiques générales
  • Ce quiz a été pris 124 fois
  • Le résultat moyen est 3 sur 5
Statistiques - réponses
Genres littéraires % Correct
Genre narratif
98%
Genre poétique
72%
Genre théâtral
70%
Genre épistolaire
23%
Genre argumentatif
16%
Aucun quiz correspondant
Distribution des résultats
% des personnes avec chaque résultat
Percentile par nombre de réponses
Votre historique - résultats
Vous n’avez pas pris ce quiz